Pokémon que empiezan por la letra M - Estadísticas

Estadísticas generales
  • Esta prueba ha sido intentada 18 veces
  • La puntuación promedio es 54 de 80
Estadísticas de respuestas
Gen. Tipo Nombre % Correcto
I Fuego Magmar
100%
I Eléctrico/Acero Magnemite
100%
I Eléctrico/Acero Magneton
100%
I Psíquico Mew
100%
I Psíquico Mewtwo
100%
I Fuego/Volador Moltres
100%
I Lucha Machamp
91%
I Lucha Machoke
91%
I Lucha Machop
91%
IV Fuego Magmortar
91%
IV Eléctrico/Acero Magnezone
91%
I Lucha Mankey
91%
I Tierra Marowak
91%
I Bicho Metapod
91%
II Fuego/Roca Magcargo
82%
I Agua Magikarp
82%
III Eléctrico Manectric
82%
II Fantasma Misdreavus
82%
IV Fantasma Mismagius
82%
IV Fuego/Lucha Monferno
82%
I Psíquico/Hada Mr. Mime
82%
V Psíquico Munna
82%
V Psíquico Musharna
82%
II Fuego Magby
73%
VI Siniestro/Psíquico Malamar
73%
IV Hielo/Tierra Mamoswine
73%
III Agua/Tierra Marshtomp
73%
III Bicho/Volador Masquerain
73%
III Lucha/Psíquico Medicham
73%
III Lucha/Psíquico Meditite
73%
V Normal/Psíquico Meloetta
73%
I Normal Meowth
73%
III Acero/Psíquico Metagross
73%
III Acero/Psíquico Metang
73%
II Normal Miltank
73%
VII Fantasma/Hada Mimikyu
73%
VIII Hielo/Psíquico Mr. Rime
73%
I Veneno Muk
73%
III Lucha Makuhita
64%
II Agua/Volador Mantine
64%
IV Agua/Volador Mantyke
64%
II Eléctrico Mareep
64%
VII Lucha/Fantasma Marshadow
64%
III Acero/Hada Mawile
64%
II Planta Meganium
64%
VII Acero Melmetal
64%
IV Psíquico Mesprit
64%
V Lucha Mienfoo
64%
V Lucha Mienshao
64%
III Agua Milotic
64%
IV Psíquico/Hada Mime Jr.
64%
III Eléctrico Minun
64%
III Agua Mudkip
64%
II Siniestro/Volador Murkrow
64%
IX Siniestro Mabosstiff
55%
VII Acero/Hada Magearna
55%
IV Agua Manaphy
55%
V Siniestro/Volador Mandibuzz
55%
II Agua Marill
55%
VII Acero Meltan
55%
VI Psíquico Meowstic
55%
III Siniestro Mightyena
55%
IX Eléctrico/Dragon Miraidon
55%
VIII Eléctrico/Siniestro Morpeko
55%
IV Normal Munchlax
55%
V Planta Maractus
45%
VII Veneno/Agua Mareanie
45%
IX Siniestro Maschiff
45%
IX Planta/Siniestro Meowscarada
45%
VIII Hada Milcery
45%
V Normal Minccino
45%
VII Roca/Volador Minior
45%
VIII Siniestro/Hada Morgrem
45%
IV Bicho/Volador Mothim
45%
VII Tierra Mudbray
45%
VII Tierra Mudsdale
45%
IX Fantasma/Hada Melenaleteo
36%
VII Planta/Hada Morelull
36%
IX veneno/Psíquico Munkidori
36%
IX Normal Maushold
27%
No se encontraron pruebas coincidentes
Distribución de puntuación
Porcentaje de gente con cada puntuación
Porcentaje por número respondido
Historial de tus puntuaciones
No has intentado esta prueba.